| 000 | 00711nam a2200229Ia 4500 | ||
|---|---|---|---|
| 005 | 20260212113129.0 | ||
| 008 | 210716s2011 xx 000 0 und d | ||
| 020 | _a9788131754269 | ||
| 040 | _cAIMIT LIBRARY | ||
| 041 | _aeng | ||
| 082 |
_a658.3 _212 _bDESG |
||
| 100 |
_aDessler, Gary. _919983 |
||
| 245 |
_aHuman resource management : _cBy Gary Dessler and Biju Varkkey. |
||
| 250 | _a12th ed. | ||
| 260 |
_aNew Delhi : _bPearson Education , _c2011. |
||
| 300 |
_axxx, 801p ; _c25cm. _bPB |
||
| 650 |
_aTraining and development _9254519 |
||
| 650 |
_aEmployee relations _9254520 |
||
| 650 |
_aRecruitment and placement _9254521 |
||
| 700 |
_aVarkkey, Biju. _920012 |
||
| 942 |
_2ddc _cBK _e12th _k658.3 DESG |
||
| 999 |
_c188845 _d188845 |
||